• 首页
  • 本馆介绍
  • 公告通知
  • 最新文献
  • 馆藏检索
  • 电子资源
  • 读者导购
  • 参考咨询
  • 我的图书馆
  • 登录
  • 详细信息显示
  • 放入我的书架
  • 预约/预借图书
  • 作者相关作品
  • 分类相关作品
  • 丛书相关作品
  • 出版社相关作品

书目信息

  • 表格格式
  • 工作单格式
  • 卡片格式
书名: The African-American odyssey
作者: Darlene Clark Hine, William C. Hine, Stanley Harrold
分册号:
分册名: to 1877 /
出版地: Upper Saddle River, N.J. :
 
出版社: Prentice Hall
出版时间: 2000.
页数: 304,32,2,11 p. :
开本: 29 cm.
丛书名:
中图分类号:
科图分类号:
其他分类号: K712.8
主题词:
电子资源:
000 01627nam 2200385 a 4500
001 E0730704713
004 001090285
005 20070515083655.59
008 001 0 eng
008 4001uueng0000000
008 002000
010    @a2004556412
020    @a0-13-758822-4.
020    @a0-13-087059-5.
040    @aDLC @cDLC @dCcBjTSG
043    @an-us---
050 04 @aE185 @b.H533 2002
082 04 @a973.04/96073 @221
090    @aK712.8
099    @dK712.8@ex47:1
100 1  @aHine, Darlene Clark.
245 14 @aThe African-American odyssey.@nVOLUME ONE,@pto 1877 / @cDarlene Clark Hine, William C. Hine, Stanley Harrold
260    @aUpper Saddle River, N.J. :@bPrentice Hall,@c2000.
300    @a304,32,2,11 p. :@bill. (some col.), col. maps ;@c29 cm.@1audio CD (4 3/4 in.)
500    @aAccompanying CD-ROM has title: Documents & activities in African-American history; and accompanying CD has title: Living words : an audio CD of African-American oral tradition.
500    @a"Media Research Update."
504    @aIncludes bibliographical references and index.
538    @aAccompanying CD-ROM both Windows and Macintosh compatible.
650  0 @aAfrican Americans @xHistory.
650  0 @aAfrican Americans.
700 1  @aHarrold, Stanley.
700 1  @aHine, William C.
740 02 @aDocuments & activities in African-American history.
740 02 @aLiving words. @b01 @c20040917 @lNLC09 @h1429 @b01 @c20040917 @lNLC09 @h1451 @b40 @c20050318 @lNLC09 @h1619 @b40 @c20050318 @lNLC09 @h1619 @b40 @c20050426 @lNLC09 @h1617
852 0  @bWWDY @k2-2005 @hK712.8 @iH662/2005
    
    The African-American odyssey.. VOLUME ONE,. to 1877 / / Darlene Clark Hine, William C. Hine, Stanley Harrold.-Upper Saddle River, N.J. : : Prentice Hall, , 2000.
    304,32,2,11 p. : : ill. (some col.), col. maps ; ; 29 cm.
    Accompanying CD-ROM has title: Documents & activities in African-American history; and accompanying CD has title: Living words : an audio CD of African-American oral tradition.-"Media Research Update." .-Includes bibliographical references and index.-Accompanying CD-ROM both Windows and Macintosh compatible.
    
    ISBN 0-13-758822-4.
    
●
相关链接 在E读中查询图书 在五车中查询图书 在当当中查询图书 在豆瓣中查询图书


正题名:African-American odyssey     索取号:K712.8/x47:1         预约/预借

序号 登录号 条形码 馆藏地/架位号 状态 备注
1 9195   300091950   第二样本阅览室/ [索取号:K712.8/x47:1] 在馆    
唐山师范学院图书馆 欢迎您!
大连网信软件有限公司© 版权所有